Build-a-Country Puzzle #2 - Statistics

General Stats
  • This quiz has been taken 287 times
  • The average score is 7 of 17
Answer Stats
Hint Country % Correct
CHAD Chad
100%
+ N Canada
76%
+ I China
73%
India
62%
+ T Haiti
61%
+ L Thailand
51%
+ U Lithuania
36%
+ E Chile
33%
+ V Latvia
31%
Tuvalu
31%
Vanuatu
31%
Sudan
24%
Iceland
23%
Tunisia
22%
United States
18%
+ S Liechtenstein
14%
Saint Lucia
10%
No matching quizzes found
Score Distribution
Percent of People with Each Score
Percentile by Number Answered
Your Score History
You have not taken this quiz